Normal view
MARC view
Entry Personal Name
001 - CONTROL NUMBER
- control field: 12267
003 - CONTROL NUMBER IDENTIFIER
- control field: BD-RjUL
005 - DATE AND TIME OF LATEST TRANSACTION
- control field: 20240313095534.0
008 - FIXED-LENGTH DATA ELEMENTS
- fixed length control field: 240313|| aca||aabn | a|a d
040 ## - CATALOGING SOURCE
- Original cataloging agency: BD-RjUL
- Transcribing agency: BD-RjUL
100 ## - HEADING--PERSONAL NAME
- Personal name: Iqbal, Muhammad, Sir,
- Dates associated with a name: 1877-1938
- General subdivision: Biographies
670 ## - SOURCE DATA FOUND
- Source citation: Work cat.: (BD-RjUL)83332: رئیس احمد جعفری 12265, اوراق گم گشتہ ;; Awraq i gam ghastah /, 1968